[Event "European Youth Chess Championship B18"]
[Site "Prague, Top Hotel Prague"]
[Date "2016.08.24"]
[Round "6.28"]
[White "Theocharous, Stelios"]
[Black "Patrascu, Catalin-Lucian"]
[Result "1/2-1/2"]
[WhiteElo "1972"]
[BlackElo "2286"]
[PlyCount "74"]
[EventDate "2016.08.18"]

1. e4 e5 2. Nf3 Nc6 3. Bb5 a6 4. Ba4 Nf6 5. O-O Be7 6. Re1 b5 7. Bb3 d6 8. c3
O-O 9. h3 Bb7 10. d4 Nd7 11. Nbd2 Bf6 12. d5 Na5 13. Bc2 Nb6 14. Nf1 c6 15.
dxc6 Bxc6 16. Ng3 Re8 17. Nh5 Be7 18. Qd3 Rc8 19. b3 Nb7 20. Be3 g6 21. Ng3 Qc7
22. Bd2 Nc5 23. Qe3 Bf8 24. Nh2 Bg7 25. Ng4 Ne6 26. Nh6+ Kf8 27. Qf3 Nf4 28.
Bxf4 exf4 29. Qxf4 Bxc3 30. Ng4 Qe7 31. Rad1 h5 32. Re3 Bg7 33. Nh6 Qf6 34.
Nhf5 gxf5 35. Nxh5 Qe5 36. Qh4 Qe7 37. Qg3 Bh6 1/2-1/2

[Event "European Youth Chess Championship B18"]
[Site "Prague, Top Hotel Prague"]
[Date "2016.08.24"]
[Round "6.29"]
[White "Rajkovic, Mladen"]
[Black "Markocic, Tine"]
[Result "0-1"]
[WhiteElo "2286"]
[BlackElo "2073"]
[PlyCount "78"]
[EventDate "2016.08.18"]

1. e4 c5 2. Nf3 e6 3. b3 b6 4. Bb2 Bb7 5. Bd3 d6 6. O-O Nd7 7. Re1 Ngf6 8. c3
Qc7 9. Bc2 Be7 10. d4 Rc8 11. Bd3 a6 12. Nbd2 O-O 13. e5 Nd5 14. Nc4 dxe5 15.
dxe5 Rcd8 16. Qc2 h6 17. Bc1 b5 18. Nb2 N5b6 19. Qe2 c4 20. bxc4 bxc4 21. Nxc4
Nxc4 22. Bxc4 Bxf3 23. gxf3 Nxe5 24. Bxa6 Ng6 25. Qc4 Qa5 26. a4 Ne5 27. Qe4
Nxf3+ 28. Qxf3 Qxa6 29. Be3 Bf6 30. Bc5 Rd3 31. Re3 Rfd8 32. Bb4 Qc4 33. Rc1
Rxe3 34. fxe3 Rd3 35. Qf4 Qb3 36. Qe4 Rd1+ 37. Rxd1 Qxd1+ 38. Kg2 Qxa4 39. Kh3
Bxc3 0-1

[Event "European Youth Chess Championship B18"]
[Site "Prague, Top Hotel Prague"]
[Date "2016.08.24"]
[Round "6.30"]
[White "Karas, Marek"]
[Black "Kassay, Krisztian"]
[Result "1/2-1/2"]
[WhiteElo "2278"]
[BlackElo "2124"]
[PlyCount "102"]
[EventDate "2016.08.18"]

1. d4 Nf6 2. Nf3 e6 3. c4 b6 4. g3 Ba6 5. Qa4 Be7 6. Bg2 c6 7. Nc3 O-O 8. Bf4
Bb7 9. O-O d5 10. Rfd1 Nbd7 11. cxd5 exd5 12. Rac1 Re8 13. Ne5 Nxe5 14. Bxe5
Bd6 15. Bxf6 Qxf6 16. e4 b5 17. Qc2 b4 18. e5 Qh6 19. Na4 Be7 20. Nc5 Bc8 21.
a3 bxa3 22. bxa3 g6 23. Qa4 Bg4 24. Re1 Rec8 25. Nb7 Rc7 26. Na5 Bd7 27. Qb3
Rac8 28. Rc3 Qd2 29. Rd1 Qe2 30. Bf1 Qg4 31. f3 Qf5 32. Ba6 Re8 33. Rdc1 Qe6
34. f4 c5 35. Be2 Qb6 36. Qxb6 axb6 37. Nb3 c4 38. Na1 Ra7 39. Nc2 Rea8 40. Rb1
b5 41. Bf3 Bc6 42. Ne3 Rxa3 43. Rxa3 Rxa3 44. Bxd5 Rxe3 45. Bxc6 b4 46. d5 b3
47. d6 Bd8 48. Bd5 Rc3 49. Be4 Re3 50. Bd5 Rc3 51. Be4 Re3 1/2-1/2

[Event "European Youth Chess Championship B18"]
[Site "Prague, Top Hotel Prague"]
[Date "2016.08.24"]
[Round "6.31"]
[White "Holtman, Teodor"]
[Black "Fidalgo, Andre Neves"]
[Result "0-1"]
[WhiteElo "2124"]
[BlackElo "2266"]
[PlyCount "58"]
[EventDate "2016.08.18"]

1. e4 c5 2. Nf3 g6 3. d4 cxd4 4. Nxd4 Nc6 5. c4 Nf6 6. Nc3 d6 7. Nc2 Bg7 8. Be2
O-O 9. O-O Be6 10. Be3 Nd7 11. Qd2 a5 12. Rac1 a4 13. Na3 Qa5 14. Nab5 Nc5 15.
f3 Rfc8 16. Rfd1 Qb4 17. Nd5 Bxd5 18. cxd5 Qxd2 19. Rxd2 Nb4 20. a3 Nb3 21.
Rxc8+ Rxc8 22. axb4 Nxd2 23. Bxd2 Rc2 24. Bc3 Rxe2 25. Kf1 Rc2 26. Nd4 Bxd4 27.
Bxd4 Rc4 28. Be3 Rxb4 29. Bc1 a3 0-1

[Event "European Youth Chess Championship B18"]
[Site "Prague, Top Hotel Prague"]
[Date "2016.08.24"]
[Round "6.32"]
[White "Garriga, Cazorla Pere"]
[Black "Caglar, Ahmet Ata"]
[Result "1-0"]
[WhiteElo "2392"]
[BlackElo "1968"]
[PlyCount "65"]
[EventDate "2016.08.18"]

1. d4 Nf6 2. c4 g6 3. Nf3 Bg7 4. g3 O-O 5. Bg2 d6 6. O-O c6 7. Nc3 Qa5 8. h3 e5
9. e4 Nbd7 10. Re1 exd4 11. Nxd4 Ne5 12. Bf1 Be6 13. Nxe6 fxe6 14. Be3 d5 15.
cxd5 exd5 16. f4 Nc4 17. Bxc4 dxc4 18. Qe2 b5 19. e5 Nd5 20. Nxd5 cxd5 21. a3
g5 22. Bc5 gxf4 23. Bxf8 Rxf8 24. gxf4 Rxf4 25. Qg2 Qb6+ 26. Kh1 Qe6 27. Re3 d4
28. Rg1 Rf7 29. Rg3 Qxe5 30. Qa8+ Rf8 31. Rxg7+ Qxg7 32. Rxg7+ Kxg7 33. Qxa7+
1-0

[Event "European Youth Chess Championship B18"]
[Site "Prague, Top Hotel Prague"]
[Date "2016.08.24"]
[Round "6.33"]
[White "Capone, Nicola"]
[Black "Syvalahti, Timo"]
[Result "1-0"]
[WhiteElo "2392"]
[BlackElo "2139"]
[PlyCount "127"]
[EventDate "2016.08.18"]

1. d4 e6 2. c4 Nf6 3. Nc3 Bb4 4. Nf3 b6 5. Bg5 h6 6. Bh4 g5 7. Bg3 Ne4 8. Qc2
Bb7 9. Nd2 Bxc3 10. bxc3 Nxg3 11. hxg3 d6 12. g4 Nd7 13. e3 Qe7 14. f3 O-O-O
15. O-O-O Nf6 16. Bd3 h5 17. gxh5 Nxh5 18. g4 Nf6 19. e4 Nd7 20. Nb3 Qf6 21.
Qg2 Rxh1 22. Rxh1 Rh8 23. Kc2 Rh6 24. Nc1 Qh8 25. Rxh6 Qxh6 26. Ne2 Qh4 27. Kd2
c5 28. Ng1 Kd8 29. Qh3 Qxh3 30. Nxh3 f6 31. Ke3 e5 32. d5 Ba6 33. Ng1 Nf8 34.
Ne2 Ng6 35. Ng3 Bc8 36. Nh5 Ke7 37. Bc2 Bd7 38. Bd1 Nf4 39. Nxf4 exf4+ 40. Kd2
Kd8 41. Kc1 Kc7 42. Kb2 Kb7 43. Ka3 Ka6 44. Bc2 Ka5 45. Bd1 a6 46. Bc2 b5 47.
Bd1 b4+ 48. Kb2 Be8 49. Bc2 Kb6 50. Bd1 Bd7 51. Bc2 Be8 52. Bd1 Ka5 53. Bc2 Ba4
54. Bb3 Bxb3 55. axb3 Kb6 56. Kc2 a5 57. cxb4 cxb4 58. Kd2 Kc7 59. Kd3 Kb6 60.
Kd4 a4 61. bxa4 Ka5 62. Kd3 Kb6 63. Kc2 Kc5 64. a5 1-0

[Event "European Youth Chess Championship B18"]
[Site "Prague, Top Hotel Prague"]
[Date "2016.08.24"]
[Round "6.34"]
[White "Salim, Riza"]
[Black "Tokranovs, Dmitrijs"]
[Result "0-1"]
[WhiteElo "2146"]
[BlackElo "2257"]
[PlyCount "104"]
[EventDate "2016.08.18"]

1. e4 d6 2. d4 Nf6 3. Nc3 Nbd7 4. Nf3 e5 5. Bc4 Be7 6. O-O O-O 7. Re1 c6 8. a4
a5 9. h3 h6 10. b3 Re8 11. Bb2 Bf8 12. Qd2 Nh5 13. Rad1 Qf6 14. Bf1 Nf4 15. Re3
Qg6 16. Nh4 Qh5 17. Nf5 Nf6 18. Ng3 Qg6 19. Kh1 Be7 20. Nge2 Ne6 21. Ba3 Ng5
22. Ng3 h5 23. dxe5 dxe5 24. Bxe7 Rxe7 25. Bd3 Be6 26. Nf5 Rd7 27. Nh4 Qh7 28.
Qe2 Rad8 29. Re1 Ne8 30. Kg1 f6 31. Nf3 Nxf3+ 32. Qxf3 g5 33. Qe2 Nd6 34. Kh2
Rg7 35. g3 Qg6 36. Nb1 Qf7 37. Nd2 Qd7 38. Qf1 b5 39. c3 Kh7 40. c4 b4 41. Be2
Kh6 42. Nf3 Nb7 43. h4 g4 44. Ng1 Nc5 45. Rd1 Qc7 46. f3 Kg6 47. Re1 Rd2 48.
Qf2 Rgd7 49. f4 Kg7 50. Rf1 Rb2 51. fxe5 Qxe5 52. Qf4 Nxb3 0-1

[Event "European Youth Chess Championship B18"]
[Site "Prague, Top Hotel Prague"]
[Date "2016.08.24"]
[Round "6.35"]
[White "Redondo, Benavente Jose Carlo"]
[Black "Miknevicius, Laurynas"]
[Result "1-0"]
[WhiteElo "2206"]
[BlackElo "2150"]
[PlyCount "73"]
[EventDate "2016.08.18"]

1. e4 c5 2. Nf3 g6 3. d4 cxd4 4. Nxd4 Nc6 5. c4 Nf6 6. Nc3 Nxd4 7. Qxd4 d6 8.
Be2 Bg7 9. Be3 O-O 10. Qd2 Be6 11. Rc1 Qa5 12. f3 Rfc8 13. b3 a6 14. Na4 Qxd2+
15. Kxd2 Nd7 16. g4 f5 17. gxf5 gxf5 18. Nc3 b5 19. Rhg1 Kf8 20. Nd5 Bxd5 21.
cxd5 Kf7 22. Rg5 fxe4 23. Rf5+ Nf6 24. Rxc8 Rxc8 25. fxe4 e6 26. Rf1 Ke7 27.
Rg1 Rg8 28. Bf3 Bh6 29. Rxg8 Bxe3+ 30. Kxe3 Nxg8 31. dxe6 Kxe6 32. Kd4 Nf6 33.
b4 Ne8 34. Bg4+ Ke7 35. Bf5 h6 36. Kd5 Kf6 37. Bd7 1-0

[Event "European Youth Chess Championship B18"]
[Site "Prague, Top Hotel Prague"]
[Date "2016.08.24"]
[Round "6.36"]
[White "Levitan, Tal"]
[Black "Seresin, Francesco"]
[Result "0-1"]
[WhiteElo "2099"]
[BlackElo "2200"]
[PlyCount "72"]
[EventDate "2016.08.18"]

1. e4 c6 2. d4 d5 3. exd5 cxd5 4. c4 Nf6 5. Nc3 Nc6 6. cxd5 Nxd5 7. Bc4 Nb6 8.
Bb5 Bd7 9. Nf3 a6 10. Bd3 Bg4 11. Be2 e6 12. Be3 Be7 13. h3 Bh5 14. O-O O-O 15.
g4 Bg6 16. Ne5 Nb4 17. Bf3 Rb8 18. a3 N4d5 19. Qb3 Nxe3 20. fxe3 Bd6 21. Nxg6
hxg6 22. Ne2 Nd7 23. Rad1 Qe7 24. Bg2 e5 25. Rf2 exd4 26. exd4 Nf6 27. Rdf1 g5
28. Ng3 Bf4 29. Nf5 Qd7 30. Re2 g6 31. Re7 Qd8 32. Nh6+ Kg7 33. Rxf7+ Rxf7 34.
Qxf7+ Kxh6 35. d5 Qf8 36. Qe6 Re8 0-1

[Event "European Youth Chess Championship B18"]
[Site "Prague, Top Hotel Prague"]
[Date "2016.08.24"]
[Round "6.37"]
[White "Shpati, Ted"]
[Black "Jablonicky, Martin"]
[Result "1/2-1/2"]
[WhiteElo "2084"]
[BlackElo "2198"]
[PlyCount "93"]
[EventDate "2016.08.18"]

1. e4 d6 2. d4 Nf6 3. Nc3 g6 4. Nf3 Bg7 5. Bc4 c6 6. a4 O-O 7. O-O d5 8. Bd3
dxe4 9. Nxe4 Bg4 10. c3 Nbd7 11. Nxf6+ Bxf6 12. Be2 Re8 13. Bf4 Bxf3 14. Bxf3
e5 15. dxe5 Bxe5 16. Be3 Qc7 17. g3 Rad8 18. Qc2 h5 19. Rad1 Kg7 20. Bg2 Nf6
21. Rxd8 Rxd8 22. Rd1 Rxd1+ 23. Qxd1 Ng4 24. Bd4 Qd6 25. Bxe5+ Qxe5 26. Bf3 Nf6
27. h4 g5 28. hxg5 Qxg5 29. Qd4 c5 30. Qc4 b6 31. Kg2 Nd7 32. Qd5 Ne5 33. Qe4
Ng6 34. Kh2 Qd2 35. Qe2 Qxe2 36. Bxe2 Kh6 37. f4 Ne7 38. Kg2 Nf5 39. Kf3 Nd6
40. Bd3 a5 41. Ke3 f5 42. Kf3 Kg6 43. Kg2 Ne8 44. Bb5 Nf6 45. Bd3 Nd5 46. Kf3
Kf6 47. Bc4 1/2-1/2

[Event "European Youth Chess Championship B18"]
[Site "Prague, Top Hotel Prague"]
[Date "2016.08.24"]
[Round "6.38"]
[White "Beeck, Mats"]
[Black "Pozun, Matej"]
[Result "1-0"]
[WhiteElo "2196"]
[BlackElo "2078"]
[PlyCount "77"]
[EventDate "2016.08.18"]

1. g3 e5 2. c4 Nf6 3. Bg2 Nc6 4. Nc3 g6 5. Nf3 Bg7 6. d3 O-O 7. O-O d6 8. Rb1
a5 9. a3 Nh5 10. b4 axb4 11. axb4 f5 12. Bg5 Nf6 13. Nd5 Ne7 14. Nxf6+ Bxf6 15.
Bxf6 Rxf6 16. Qb3 Kg7 17. Ra1 Rxa1 18. Rxa1 Bd7 19. b5 c6 20. bxc6 Bxc6 21. Qb2
Qc7 22. Rc1 b6 23. Rb1 Nc8 24. Ne1 Rf7 25. Bxc6 Qxc6 26. Nc2 f4 27. Qb5 Qc5 28.
Qxc5 bxc5 29. Rb8 Rf8 30. Na3 Kf6 31. Nb5 Ke6 32. Nc7+ Kd7 33. Nd5 fxg3 34.
hxg3 Ke6 35. Kg2 h5 36. f4 Kd7 37. Rb7+ Kd8 38. Rg7 exf4 39. Nxf4 1-0

[Event "European Youth Chess Championship B18"]
[Site "Prague, Top Hotel Prague"]
[Date "2016.08.24"]
[Round "6.39"]
[White "Whatley, Stephen A J"]
[Black "Schwab, Lukas"]
[Result "1/2-1/2"]
[WhiteElo "2073"]
[BlackElo "2175"]
[PlyCount "125"]
[EventDate "2016.08.18"]

1. e4 e5 2. Nf3 Nc6 3. Bb5 a6 4. Bxc6 dxc6 5. d4 exd4 6. Qxd4 Qxd4 7. Nxd4 Bd7
8. Be3 O-O-O 9. Nd2 Ne7 10. O-O-O c5 11. Ne2 Nc6 12. Nf4 f6 13. f3 b6 14. Nb1
Bd6 15. Nc3 Rhe8 16. Ncd5 Kb7 17. Rhe1 Ne5 18. Bf2 Bc6 19. Bg3 b5 20. Ne3 g6
21. Nfd5 Re6 22. Nf4 Ree8 23. Nfd5 Nd7 24. Bh4 Rf8 25. c4 Rde8 26. Bg3 Ne5 27.
Bxe5 Bxe5 28. g3 Bd4 29. Nc2 Be5 30. Nce3 Bd6 31. Rd2 Rf7 32. b3 Bf8 33. Rd3
Bh6 34. Kc2 Rd8 35. f4 Re8 36. Ng4 Bg7 37. e5 h5 38. Ngxf6 Bxf6 39. Nxf6 Re6
40. Ne4 Bxe4 41. Rxe4 Kc6 42. Rd8 Kb6 43. cxb5 axb5 44. Rb8+ Kc6 45. a4 bxa4
46. bxa4 Kd5 47. Re3 Ra6 48. Rd8+ Ke6 49. Re4 Kf5 50. e6 Rxe6 51. Rc4 c6 52. h3
Re2+ 53. Rd2 Re3 54. Rxc5+ Kf6 55. Rxc6+ Kg7 56. Rd3 Re2+ 57. Kd1 Rg2 58. Rc2
Rg1+ 59. Kd2 h4 60. Rcc3 Rg2+ 61. Kd1 hxg3 62. Rxg3 Rh2 63. Rc6 1/2-1/2

[Event "European Youth Chess Championship B18"]
[Site "Prague, Top Hotel Prague"]
[Date "2016.08.24"]
[Round "6.40"]
[White "Sinanovic, Ermin"]
[Black "Fossan, Andreas"]
[Result "0-1"]
[WhiteElo "2175"]
[BlackElo "2023"]
[PlyCount "66"]
[EventDate "2016.08.18"]

1. d4 Nf6 2. c4 e6 3. Nc3 Bb4 4. Bd2 O-O 5. Qc2 Nc6 6. e3 e5 7. d5 Ne7 8. e4 d6
9. Bd3 a5 10. Nge2 c6 11. O-O Ng6 12. Ng3 Nf4 13. Bxf4 exf4 14. Nge2 Nh5 15.
Kh1 f3 16. gxf3 Qf6 17. f4 Nxf4 18. Nxf4 Qxf4 19. Qe2 Bc5 20. f3 Bh3 21. Rg1
Bxg1 22. Rxg1 Rae8 23. Rg3 Bc8 24. Qe1 Kh8 25. Ne2 Qe5 26. Qd2 f5 27. Rg5 Qe7
28. exf5 Qe3 29. Qxe3 Rxe3 30. Nf4 Rxf3 31. Rg4 Bxf5 32. Bxf5 Rxf5 33. Ne6 g6
0-1

[Event "European Youth Chess Championship B18"]
[Site "Prague, Top Hotel Prague"]
[Date "2016.08.24"]
[Round "6.41"]
[White "Radulescu, Vlad-Alexandru"]
[Black "Friedland, Moshe"]
[Result "1/2-1/2"]
[WhiteElo "2029"]
[BlackElo "2170"]
[PlyCount "161"]
[EventDate "2016.08.18"]

1. e4 c5 2. c4 Nc6 3. Nc3 g6 4. g3 Bg7 5. Bg2 e6 6. Nge2 Nge7 7. O-O O-O 8. a3
b6 9. Rb1 d6 10. d3 Bb7 11. Be3 Nd4 12. b4 Qd7 13. Qd2 f5 14. Bh6 fxe4 15. Nxd4
e3 16. fxe3 Bxh6 17. Nc2 Nf5 18. Rbe1 d5 19. Qe2 Rfe8 20. cxd5 exd5 21. Qg4 Bg7
22. d4 Rad8 23. Qd1 Nxe3 24. Nxe3 cxd4 25. Ncxd5 dxe3 26. Nxe3 Bd4 27. Qb3+ Bd5
28. Bxd5+ Qxd5 29. Qxd5+ Rxd5 30. Rf3 Rde5 31. Kf2 h5 32. h3 b5 33. Re2 Kg7 34.
h4 R8e6 35. Re1 Re4 36. Re2 Re7 37. Re1 Re8 38. Re2 R8e6 39. Re1 Kh8 40. Rf8+
Kg7 41. Rf3 Kg8 42. Re2 R6e5 43. Re1 Re8 44. Re2 R8e6 45. Re1 Ra6 46. Kg2 Rxa3
47. Nc2 Rxe1 48. Nxe1 Ra2+ 49. Kh3 Rb2 50. Rf4 Bb6 51. Nf3 Rf2 52. Ne5 Rxf4 53.
gxf4 Kg7 54. Kg3 Bc7 55. Kf3 Kf6 56. Ke4 Bd6 57. Nc6 a6 58. Kf3 Ke6 59. Ke4 Bc7
60. Ne5 Bd6 61. Nxg6 Bxb4 62. f5+ Kf6 63. Nf4 Be1 64. Nxh5+ Kf7 65. Nf4 Bxh4
66. Nd5 Bg3 67. Kd4 Bd6 68. Kc3 a5 69. Kb2 a4 70. Ka2 b4 71. Nb6 b3+ 72. Kb2
Be5+ 73. Ka3 Bd6+ 74. Kb2 Be5+ 75. Ka3 b2 76. Ka2 a3 77. Nc4 Kf6 78. Nxa3 Kxf5
79. Nc4 Bc3 80. Nxb2 Bxb2 81. Kxb2 1/2-1/2

[Event "European Youth Chess Championship B18"]
[Site "Prague, Top Hotel Prague"]
[Date "2016.08.24"]
[Round "6.42"]
[White "Thorhallsson, Simon"]
[Black "De, Block Yordi"]
[Result "1/2-1/2"]
[WhiteElo "2169"]
[BlackElo "2015"]
[PlyCount "98"]
[EventDate "2016.08.18"]

1. d4 d5 2. c4 c6 3. Nf3 Nf6 4. Nc3 Bf5 5. cxd5 cxd5 6. Qb3 Qb6 7. Qxb6 axb6 8.
Bg5 e6 9. e3 Bb4 10. Bb5+ Kf8 11. O-O Bxc3 12. bxc3 Ne4 13. Bf4 Ke7 14. Rfc1
Ra3 15. Nh4 Nxc3 16. Nxf5+ exf5 17. Bf1 Nc6 18. Rxc3 Rxc3 19. Rb1 Ra8 20. Rxb6
Rxa2 21. Rxb7+ Kf6 22. h4 Ra1 23. Rc7 Rd1 24. g3 Rcc1 25. Kg2 Rxf1 26. Rxc6+
Rxc6 27. Kxf1 Ke6 28. Ke2 f6 29. Kf3 Rc8 30. Kg2 h6 31. h5 Kd7 32. Kf3 Rc2 33.
Bb8 Ra2 34. Bf4 Ra1 35. Kg2 Rb1 36. Kh2 Ke6 37. Kg2 Kf7 38. Kh2 g5 39. hxg6+
Kxg6 40. Kg2 h5 41. Kf3 Rg1 42. Bc7 f4 43. Bxf4 Kf5 44. Bc7 Rc1 45. Bf4 Rc8 46.
Bd6 Rh8 47. Bf4 h4 48. gxh4 Rxh4 49. Kg3 Rh8 1/2-1/2

[Event "European Youth Chess Championship B18"]
[Site "Prague, Top Hotel Prague"]
[Date "2016.08.24"]
[Round "6.43"]
[White "Pein, Jonathan"]
[Black "Nastase, Robert-Paul"]
[Result "1-0"]
[WhiteElo "1980"]
[BlackElo "2163"]
[PlyCount "45"]
[EventDate "2016.08.18"]

1. e4 c5 2. Nf3 d6 3. Bb5+ Nc6 4. Bxc6+ bxc6 5. O-O Bg4 6. h3 Bh5 7. c3 Nf6 8.
Re1 e6 9. d3 Be7 10. Nbd2 O-O 11. Nf1 d5 12. Ng3 Bg6 13. Ne5 Qb6 14. h4 dxe4
15. h5 Qc7 16. f4 exf3 17. hxg6 Bd6 18. d4 cxd4 19. cxd4 Nd5 20. gxh7+ Kxh7 21.
Ne4 f6 22. Qd3 Kg8 23. Nxf3 1-0

[Event "European Youth Chess Championship B18"]
[Site "Prague, Top Hotel Prague"]
[Date "2016.08.24"]
[Round "6.44"]
[White "Thorgeirsson, Jon Kristinn"]
[Black "Oztekin, Kerem Can"]
[Result "1/2-1/2"]
[WhiteElo "2151"]
[BlackElo "1910"]
[PlyCount "100"]
[EventDate "2016.08.18"]

1. e4 c5 2. Nf3 g6 3. d4 cxd4 4. Qxd4 Nf6 5. Bb5 Nc6 6. Bxc6 dxc6 7. Qxd8+ Kxd8
8. Nc3 Nd7 9. e5 Nc5 10. Be3 Ne6 11. O-O-O+ Kc7 12. Ne4 h6 13. Rd2 Bg7 14. Rhd1
b6 15. a4 Rd8 16. a5 Bb7 17. b4 Rxd2 18. Nfxd2 Ba6 19. f4 f6 20. exf6 exf6 21.
g4 f5 22. gxf5 gxf5 23. Ng3 Rf8 24. Nb1 Bc4 25. Re1 c5 26. axb6+ axb6 27. bxc5
bxc5 28. Bxc5 Rb8 29. Ba3 Kc6 30. Nxf5 Bf6 31. Nd2 Ba2 32. Re4 Bc3 33. Ne7+ Kd7
34. f5 Nd4 35. Re3 Ra8 36. Bb2 Bxb2+ 37. Kxb2 Bf7 38. Nb3 Rb8 39. Rd3 Bxb3 40.
cxb3 Rxb3+ 41. Rxb3 Nxb3 42. Ng8 Nd4 43. Nxh6 Ke7 44. Kc3 Nf3 45. h3 Kf6 46.
Kd3 Kg5 47. Ke4 Nd2+ 48. Kd5 Kxh6 49. h4 Nf3 50. f6 Nxh4 1/2-1/2

[Event "European Youth Chess Championship B18"]
[Site "Prague, Top Hotel Prague"]
[Date "2016.08.24"]
[Round "6.45"]
[White "Lukic, Lazar"]
[Black "Schwander, Lukas"]
[Result "0-1"]
[WhiteElo "1939"]
[BlackElo "2199"]
[PlyCount "90"]
[EventDate "2016.08.18"]

1. e4 e6 2. d3 d5 3. Nd2 Nc6 4. g3 Nf6 5. Bg2 dxe4 6. dxe4 e5 7. Ngf3 Bc5 8.
O-O O-O 9. c3 a5 10. h3 Qe7 11. Nh4 Rd8 12. Qc2 Be6 13. Re1 Qd7 14. g4 Qd3 15.
Qxd3 Rxd3 16. Nf1 g6 17. Bg5 Ne8 18. Be3 Be7 19. Nf3 Rad8 20. N1d2 f6 21. Nb3
a4 22. Nc5 Rxe3 23. Nxe6 Rxe1+ 24. Nxe1 Rd2 25. Bf1 Rxb2 26. Rd1 Na5 27. Rd7
Bd6 28. c4 b6 29. g5 fxg5 30. Rd8 Kf7 31. Nxg5+ Ke7 32. Ra8 Rxa2 33. c5 Bxc5
34. Nd3 Bd6 35. f4 Nc6 36. fxe5 Bxe5 37. Nxe5 Nxe5 38. Bb5 Nd6 39. Rxa4 Rxa4
40. Bxa4 h6 41. Nh7 Nxe4 42. Bc2 Nd6 43. h4 Kf7 44. h5 Kg7 45. Bxg6 Nxg6 0-1

[Event "European Youth Chess Championship B18"]
[Site "Prague, Top Hotel Prague"]
[Date "2016.08.24"]
[Round "6.46"]
[White "Kostka, Vit"]
[Black "Rajic, Ivan"]
[Result "1-0"]
[WhiteElo "2188"]
[BlackElo "1922"]
[PlyCount "119"]
[EventDate "2016.08.18"]

 1. e4 c5 2. Nf3 d6 3. d4 cxd4 4. Nxd4 Nf6 5.
Nc3 g6 6. Be3 Bg7 7. f3 O-O 8. Qd2 Nc6 9. Bc4 Bd7 10. O-O-O Rc8 11. Bb3 Ne5 12.
Kb1 Re8 13. h4 h5 14. Bh6 Bh8 15. g4 Nc4 16. Bxc4 Rxc4 17. Nb3 b5 18. e5 Nxg4
19. fxg4 Bxg4 20. exd6 Bxd1 21. Rxd1 exd6 22. Bg5 Qd7 23. Nd5 Qe6 24. Rf1 f5
25. Nf4 Qe5 26. c3 Kh7 27. Nc1 a5 28. Ncd3 Qg7 29. Qf2 b4 30. cxb4 axb4 31. Re1
Rce4 32. Rc1 Rf8 33. Nd5 Rf7 34. Qb6 Rd4 35. Nf6+ Rxf6 36. Qxd4 Rf7 37. Qxg7+
Bxg7 38. Nxb4 Rb7 39. a3 Be5 40. Rc4 Kg8 41. Kc2 Kf7 42. Nd3 Bg3 43. b4 Ke8 44.
Rc8+ Kf7 45. a4 f4 46. Kb3 f3 47. Rc1 Ke6 48. Rf1 Rf7 49. Kc4 f2 50. Kd4 Kf5
51. Nxf2 Ke6 52. Ke3 Kd5 53. Rd1+ Kc4 54. Nd3 d5 55. Rc1+ Kb3 56. a5 Ka4 57.
Kd4 Bd6 58. Kxd5 Bxb4 59. Rc4 Kxa5 60. Nxb4 1-0

[Event "European Youth Chess Championship B18"]
[Site "Prague, Top Hotel Prague"]
[Date "2016.08.24"]
[Round "6.47"]
[White "Steindl, Johannes"]
[Black "Krutsky, Martin"]
[Result "0-1"]
[WhiteElo "2141"]
[BlackElo "2035"]
[PlyCount "122"]
[EventDate "2016.08.18"]

1. e4 c5 2. Nf3 d6 3. d4 cxd4 4. Nxd4 Nf6 5. Nc3 a6 6. Bg5 Nbd7 7. Qe2 e6 8. f4
Be7 9. O-O-O O-O 10. g4 Qc7 11. Bg2 Rd8 12. h4 Nc5 13. Kb1 Ne8 14. Bxe7 Qxe7
15. g5 Qc7 16. f5 b5 17. g6 hxg6 18. fxg6 b4 19. gxf7+ Qxf7 20. Rdf1 Qc7 21.
Nd1 Bb7 22. Qg4 Qe7 23. Nf2 Nf6 24. Qe2 Rf8 25. h5 d5 26. e5 Nfe4 27. Bxe4 dxe4
28. Ng4 Rxf1+ 29. Rxf1 Rf8 30. Rg1 Kh7 31. h6 g6 32. Nf6+ Rxf6 33. exf6 Qxf6
34. Qe3 Nd7 35. Ne2 Ne5 36. Qb6 Bd5 37. Qc7+ Nf7 38. Nf4 g5 39. Nh5 Qf2 40. Rd1
Qf3 41. Re1 Qxh5 42. Rf1 e5 43. b3 e3 44. Qe7 e2 45. Re1 Qf3 46. Qxb4 g4 47.
Qd2 Qf1 48. Kb2 Bf3 49. Qd3+ e4 50. Qd4 Nxh6 51. Qa7+ Kg8 52. Qb8+ Kg7 53. Qe5+
Kg6 54. Qe6+ Kh5 55. Qe5+ Kh4 56. Qh2+ Qh3 57. Qf4 Ng8 58. c4 Qg3 59. Qd2 Qe5+
60. Ka3 e3 61. Qd3 Qa5+ 0-1

[Event "European Youth Chess Championship B18"]
[Site "Prague, Top Hotel Prague"]
[Date "2016.08.24"]
[Round "6.48"]
[White "Koehn, Lennart"]
[Black "Kilic, Cihan"]
[Result "1/2-1/2"]
[WhiteElo "2048"]
[BlackElo "1893"]
[PlyCount "35"]
[EventDate "2016.08.18"]

1. e4 c6 2. Nc3 d5 3. Nf3 dxe4 4. Nxe4 Nf6 5. Nxf6+ exf6 6. Bc4 Bd6 7. Qe2+ Qe7
8. Qxe7+ Kxe7 9. O-O Re8 10. d4 Bg4 11. Re1+ Kf8 12. Rxe8+ Kxe8 13. Bd2 Nd7 14.
Be2 c5 15. d5 Ne5 16. Re1 Bf5 17. c4 Kd7 18. Bc3 1/2-1/2

[Event "European Youth Chess Championship B18"]
[Site "Prague, Top Hotel Prague"]
[Date "2016.08.24"]
[Round "6.49"]
[White "Maes, Tibo"]
[Black "Bischofberger, Dario"]
[Result "1/2-1/2"]
[WhiteElo "1950"]
[BlackElo "2102"]
[PlyCount "52"]
[EventDate "2016.08.18"]

1. e4 e6 2. d4 d5 3. Nc3 Bb4 4. e5 c5 5. a3 Bxc3+ 6. bxc3 Ne7 7. Qg4 O-O 8. Bd3
Nbc6 9. Qh5 Ng6 10. Nf3 Qc7 11. Bd2 c4 12. Bxg6 fxg6 13. Qg4 Qf7 14. h4 Qf5 15.
Qxf5 Rxf5 16. Rb1 h6 17. Ke2 b6 18. g4 Rf7 19. Ne1 Bd7 20. Ng2 Raf8 21. f4 h5
22. Rbg1 Be8 23. Ne1 Rc7 24. Nf3 Ne7 25. Ng5 Rc6 26. Bc1 hxg4 1/2-1/2

[Event "European Youth Chess Championship B18"]
[Site "Prague, Top Hotel Prague"]
[Date "2016.08.24"]
[Round "6.50"]
[White "Jonsson, Gauti Pall"]
[Black "Lopez, Popov Ivan"]
[Result "1-0"]
[WhiteElo "2075"]
[BlackElo "1948"]
[PlyCount "83"]
[EventDate "2016.08.18"]

1. e4 c5 2. Nf3 Nc6 3. d4 cxd4 4. Nxd4 g6 5. c4 Bg7 6. Be3 Nf6 7. Nc3 Ng4 8.
Qxg4 Nxd4 9. Qd1 e5 10. Bd3 O-O 11. O-O d6 12. Qd2 f5 13. Bg5 Qa5 14. Be7 Rf7
15. Bxd6 f4 16. f3 Be6 17. b4 Qd8 18. c5 g5 19. Ne2 Nc6 20. Qc3 Qf6 21. Bc4 Bf8
22. Rad1 Rd8 23. Bxe6 Qxe6 24. Bxf8 Rfxf8 25. b5 Ne7 26. Qb3 Kf7 27. Nc3 h5 28.
Kf2 g4 29. Qxe6+ Kxe6 30. Rxd8 Rxd8 31. Rd1 Rd4 32. Rxd4 exd4 33. Na4 Ng6 34.
Nb2 Ne5 35. Ke2 h4 36. h3 gxh3 37. gxh3 a6 38. a4 axb5 39. axb5 Nd7 40. Nd3 Kf7
41. c6 bxc6 42. bxc6 1-0

[Event "European Youth Chess Championship B18"]
[Site "Prague, Top Hotel Prague"]
[Date "2016.08.24"]
[Round "6.51"]
[White "Vangsgaard, Bjarke"]
[Black "Tirziman, Rudolf"]
[Result "1-0"]
[WhiteElo "2034"]
[BlackElo "1884"]
[PlyCount "97"]
[EventDate "2016.08.18"]

1. d4 e6 2. Bf4 Nf6 3. e3 b6 4. Nf3 Bb7 5. c4 c5 6. Nc3 cxd4 7. exd4 d6 8. Be2
Be7 9. O-O O-O 10. Rc1 a6 11. a3 Nbd7 12. b4 Re8 13. Qb3 Nh5 14. Be3 Qc7 15.
Na4 Rac8 16. d5 Nhf6 17. dxe6 fxe6 18. Rfd1 Bf8 19. h3 Qb8 20. Rd4 Bc6 21. Rdd1
Qb7 22. b5 axb5 23. cxb5 Bd5 24. Bc4 Nc5 25. Bxd5 Nxd5 26. Nxc5 dxc5 27. Ne5
Be7 28. Rc2 Ra8 29. Re2 Bf6 30. Nc6 Nc3 31. Red2 Nxd1 32. Qxd1 Rxa3 33. Rd7 Qc8
34. Qd6 Rb3 35. Rc7 Qa8 36. Qd7 c4 37. Bh6 Qa1+ 38. Kh2 Rf8 39. Qxe6+ Kh8 40.
Rc8 Qa8 41. Rxa8 Rxa8 42. Qxc4 Rc3 43. Qe6 Rc5 44. Bf4 Rxb5 45. Ne5 Bxe5 46.
Bxe5 Rba5 47. Qe7 R5a7 48. Bxg7+ Kg8 49. Qg5 1-0